000 00615nam a22002297a 4500
005 20170124110030.0
010 _aA-089910
020 _c00.00
_a019857164
035 _aA-089910
037 _bCen Lib/Ret
040 _aDPL
_bEN
082 _a573.2
_bHUM
245 _aHuman biology /
_cby G.A Harrison...[et al.]
260 _aLondon
_bOxford unversity press
_c1964
270 _bLondon
300 _axvi,499p.
_c21cm(Hb)
500 _aIncludes index
650 _aBiology
_910215
650 _aHuman biology
_921512
700 _aHarrison, G.A.
_921513
942 _2ddc
_cEN
_h573.2
_mHUM
999 _c127775
_d127775